1826 1461 1558 1235 1927 1181 1441 1958 1824 1549 1484 1812 1984 1046 1205 1366 1361 1089 1200 1335 1371 1485 1164 1687 1725 1282 1921 1925 1043 1636 1844 1279 1830 1124 1693 1157 1978 1877 1083 1129 1800 1017 1506 1623 1913 1799 1261 1961 1446 1120 1546 1203 1919 1664 1643 1811 1205 1161 1771 1261 1043 1439 1136 1395 1486 1722 1793 1554 1004 1714 1012 1089 1353 1930 1035 1808 1250 1384 1647 1970 1294 1164 1616 1798 1937 1267 1036 1167 1607 1514 1288 1721 1568 1927 1884 1348 1588 1264 1230 BCNSPRNW ULIB Ver.6.0+V

เปลี่ยนเป็นภาษาไทย

Change to English
 แสดงรายละเอียดบรรณานุกรม
  กลับหน้าหลัก

Brief Record : Get Marc (ISO 2709) : E-mail record : QR code < ปิดหน้าต่าง
LEADER : 00000nam 2200000uu 4500
001    13399126561
003     ULIB
008    020711s2557 th a 000 0 tha d
020    ^a9786162662454
050    ^aนว^bธ646บ
100    ^aธีร์วรา
245    ^aบำเรอสวาทมาเฟีย
260    ^aกรุงเทพฯ :^bบริษัท อินเลิฟ พับลิชชิ่ง คอร์เปอร์เรชั่น จำกัด,^c2557
300    ^a350 หน้า;^b21 ซม.
650    ^aนวนิยาย
945    ^p299^l0^i004743
999    ^aประนอม เกษจรัล
รายการนี้ยังไม่มีแท็ก
คุณยังไม่ได้ล็อกอิน คุณสามารถมีกิจกรรมร่วมกับเว็บไซต์ได้ แต่ต้องล็อกอินก่อน ::
  ล็อกอิน

รายการสื่อสารสนเทศ

ลำดับที่ ประเภท เลขเรียก/บาร์โค้ด สถานที่ สถานะ
1. นวนิยาย
นวนิยาย
นว ธ646บ ฉ.1 
  Barcode: 004743
ห้องสมุดวิทยาเขตสวรรค์ประชารักษ์
►นวนิยาย
บนชั้น
  ขอยืม

รายการใกล้เคียง
    หัวเรื่อง [นวนิยาย]

BibComment


ยังไม่เคยถูกคอมเมนท์

คอมเมนท์ทรัพยากรรายการนี้
  คอมเมนท์: บำเรอสวาทมาเฟีย


 Copyright 2026. Bcnsprnw @Library